Crisis del reformismo militar y coyuntura política en Honduras

Spremljeno u:
Bibliografski detalji
Format: Tekst
Teme:
Oznake: Dodaj oznaku
Bez oznaka, Budi prvi tko označuje ovaj zapis!

MARC

LEADER 00000 a a2200000 04500
001 18068
003
040
245 |a Crisis del reformismo militar y coyuntura política en Honduras  
650 |a CRISIS  
650 |a POLITICA  
650 |a MILITARISMO  
650 |a HONDURAS  
773 |g volumen 5, número 3; páginas 35-37  
999 |c 23010  |d 23010 
773 0 |0 42391  |9 4070  |a Agencia Latinoamericana de Información, ALAI  |d Quito, Ecuador: ALAI  |o 03959  |t ALAI:  |x 08275564 (Servicio mensual de información y documentación)